书目信息 |
| 题名: |
知识分子为什么反对市场
|
|
| 作者: | 英F.A.哈耶克 美罗伯特·诺齐克 ;秋风 | |
| 分册: | ||
| 出版信息: | 长春 吉林人民出版社 2003 |
|
| 页数: | 324页 | |
| 开本: | 20cm | |
| 丛书名: | ||
| 单 册: | ||
| 中图分类: | D01 | |
| 科图分类: | ||
| 主题词: | 阶级--理论 , 阶级斗争--理论 | |
| 电子资源: | ||
| ISBN: | 7-206-04161-2 | |
| 000 | 00713nam0 2200205 450 | |
| 001 | 0728815141 | |
| 005 | 20070819080015.14 | |
| 010 | @a7-206-04161-2@d¥18.60 | |
| 100 | @a20070819d km y0chiy0120 ea | |
| 101 | 0 | @achi |
| 200 | 1 | @a知识分子为什么反对市场@Azhi shi fen zi wei shi mo fan dui shi chang@f[英]F.A.哈耶克 [美]罗伯特.诺齐克@F[ying]F.A.ha ye ke[mei]luo bo te.nuo qi ke@g秋风@Gqiu feng |
| 210 | @a长春@c吉林人民出版社@d2003 | |
| 215 | @a324页@d20cm | |
| 606 | 0 | @a阶级@x理论 |
| 606 | 0 | @a阶级斗争@x理论 |
| 690 | @aD01@v3 | |
| 701 | 0 | @a英F.A.哈耶克 美罗伯特·诺齐克@Aying F.A.ha ye ke mei luo bo te·nuo qi ke |
| 702 | 0 | @a秋风@Aqiu feng |
| 801 | 0 | @aCN@bPFT@c20070819 |
| 905 | @a213230@dD01@eZW23@f1 | |
| 知识分子为什么反对市场/[英]F.A.哈耶克 [美]罗伯特.诺齐克/秋风.-长春:吉林人民出版社,2003 |
| 324页;20cm |
| ISBN 7-206-04161-2:¥18.60 |
| ● |
| 相关链接 |
|
|
|
|
正题名:知识分子为什么反对市场
索取号:D01/ZW23
 
预约/预借
| 序号 | 登录号 | 条形码 | 馆藏地/架位号 | 状态 | 备注 |
| 1 | 7601388 | 276013886 | 密集书库-文学院/ [索取号:D01/ZW23] | 在馆 | |
| 2 | 7601389 | 276013895 | 密集书库-文学院/ [索取号:D01/ZW23] | 在馆 |